Paroles - Les Cornichons - Nino Ferrer - Statistiques

Statistiques générales
  • Ce quiz a été pris 23 fois
  • Le résultat moyen est 132 sur 186
Statistiques - réponses
Paroles % Correct
c'
100%
C'
100%
cornichons
100%
De
100%
de
100%
des
100%
Des
100%
la
100%
La
100%
Du
95%
du
95%
Et
95%
et
95%
a
89%
à
89%
Le
89%
le
89%
On
89%
on
89%
pain,
89%
s'
89%
un
89%
Un
89%
beurre
84%
est
84%
les
84%
Les
84%
n'
84%
moutarde
79%
une
74%
voiture
74%
En
68%
Faire
68%
parti,
68%
pique-
68%
p'tits
68%
qu'
68%
avait
63%
dans
63%
nique
63%
œufs
63%
petits-
63%
radio !
63%
tout
63%
confitures
58%
durs
58%
oignons
58%
rien
58%
Elle
53%
était
53%
fait
53%
grand
53%
grosse
53%
Mais
53%
maison
53%
nature
53%
oublié,
53%
Pour
53%
quand
53%
qui
53%
samedi,
53%
tomates
53%
tous
53%
maman
47%
parapluies
47%
pluie
47%
puis
47%
bière
42%
ensemble
42%
mayonnaise
42%
beef
37%
biscottes
37%
bouteilles,
37%
corned-
37%
froid
37%
jours
37%
Manger
37%
ouvre-
37%
poulet
37%
poulet,
37%
rentré
37%
sans
37%
trois
37%
arrêter
32%
arrivé,
32%
boîtes
32%
bouchon
32%
chocolat
32%
macarons
32%
paquets
32%
tire-
32%
travaillé
32%
emportant
26%
préparer
26%
trouvé
26%
champignons
21%
paniers,
21%
ramené
21%
fromage
16%
Aucun quiz correspondant
Distribution des résultats
% des personnes avec chaque résultat
Percentile par nombre de réponses
Votre historique - résultats
Vous n’avez pas pris ce quiz